000 01381nam a2200349 i 4500
005 20220317001740.0
007 ta
008 290320s2014 sp ao gr 000 0 spa d
020 _a9788434224346
_qObra complta
020 _a9788434224025
_qVolumen 2
040 _aCO-BoRNBP
_bspa
_cCO-BoRNBP
_erda
041 0 _aspa
043 _as-ck---
082 0 4 _a372.87
_bC11m
_223
100 1 _aCabacés, Roser
_eautor
245 1 3 _aLa música tiene contrastes
_ctextos Roser Cabacés, Elisabet Vilaplana ; ilustraciones Anna Clariana
250 _aNovena edición
264 1 _aBadalona
_bParramón
_c2014
300 _a4 volúmenes
_bilustraciones y fotografías a color
_c31 cm
_e2 CD
336 _atexto
_btxt
_2rdacontent
337 _asin mediación
_bn
_2rdamedia
338 _avolumen
_bnc
_2rdacarrier
490 0 _aVivamos la música : leer, jugar, escuchar y aprender
505 1 _aEl timbre -- La intensidad -- La duración -- La altura -- Combinación de dos cualidades -- La textura -- La estructura de la música -- Actividad global
521 _aRecomendado desde los 12 años.
650 1 7 _aApreciación musical
_xEnseñanza elemental
_2ARMARC
650 1 7 _aEstética musical
_2ARMARC
650 1 7 _aExpresión artística infantil
_2ARMARC
700 1 _aVilaplana, Elisabet,
_etexto
_917899
700 1 _aClariana, Anna,
_d1958-
_eilustradora
_9140971
942 _2ddc
_cBK
999 _c7958
_d7958